000 00664nam a2200229Ia 4500
001 3068
003 GE_BSU
008 181216s||||||||xx |||||||||||||| ||und||
040 _cGE_BSU
080 _a621.56(075.8)
100 _aКурылев,В.С. Герасимов,Н.А.
245 _aХолодильные установки.
245 _bУчебник.
245 _cРед.Б.И.Карпов.
250 _aИзд 2-ое,перераб.и доп.
260 _aЛ.
260 _bМашиностроение.
260 _c1970.
300 _a672 стр. с илл. 22см.
653 _aХолодильные установки.
942 _cBK
999 _c37112
_d37112